Стилистика на българския книжовен език (Запис номер 33163)
[ съкратено ]
| 000 -Лидер | |
|---|---|
| Контролно поле с фиксирана дължина | 01369nam a2200349 c 4500 |
| 003 - Код на организацията, давaща контролен номер | |
| Контролно поле | BLK |
| 005 - Дата и час на последна редакция | |
| Контролно поле | 20250710154301.0 |
| 008 - Елементи от данни с фиксирана дължина | |
| fixed length control field | 180408b bul|||||r ||||||| ||bul|| |
| 010 ## - Наследен системен номер | |
| LC control number | KNG00035851000 |
| 020 ## - Международен стандартен номер на книга ISBN | |
| Международен стандартен номер на книга ISBN | 954-427-441-3 |
| -- | издат.: Абагар |
| 040 ## - Източник на каталожния запис | |
| Идентификатор на билиотеката - собственик на записа | BLK |
| 041 ## - Код за език | |
| Код за езика на текст/звукозапис или на отделно заглавие | Български |
| Код за езика КДБФ | Български |
| 080 ## - УДК | |
| Текстов определител УДК | Български език |
| УДК код - определител по УДК | 811.163.2 |
| УДК определител | -085(075.8) |
| УДК - код + определител | 811.163.2-085(075.8) |
| 100 1# - Редна дума - Автор | |
| Автор | Станева, Христина Иванова |
| Авторска отговорност | първи автор |
| R(LIN) | 365630 |
| 139 ## - Редно поле | |
| Редна дума | Станева, Христина Иванова |
| Авторски знак | Стан - С 68 |
| 245 10 - Сведения за заглавието | |
| Заглавие | Стилистика на българския книжовен език |
| Подзаглавни данни | Учебник за студентите от ВТУ Св. св. Кирил и Методий |
| Редно поле (дума) | Христина Иванова Станева. |
| 257 ## - Страна на издаване | |
| Страна на създаване/издаване | България |
| 260 ## - Област на издателските данни | |
| -- | В. Търново |
| Име на издателя, разпространителя и проч. | Абагар |
| Година на издаване | 2001 |
| 300 ## - Физическа характеристика | |
| Страници | 520 с. |
| Размери/Мащаб | 22 см |
| 380 ## - Жанр | |
| Жанр | Езикознание. Филология |
| 500 ## - Общи забележки | |
| Забележка | Библиогр. с. 492-517. |
| 504 ## - Забележка за наличие на библиография и др | |
| Забележка за наличие на библиография и под. | 492-517 |
| 650 #4 - Допълнително описание по предмет – тема | |
| Основно описание – тема или топоним | Български език - стилистика - учебници за ВУЗ |
| 9 (RLIN) | 247916 |
| 653 ## - Ключова дума – ненормативна | |
| Ключова дума | стилистика |
| 653 ## - Ключова дума – ненормативна | |
| Ключова дума | български език |
| 852 ## - Местоположение | |
| Форматна сигнатура | Цб 208377 |
| 856 4# - Електронен адрес и достъп | |
| Електронен формат | pdf - файл |
| Път до файла /url/ | |
| 856 4# - Електронен адрес и достъп | |
| Електронен формат | pdf - файл |
| Път до файла /url/ | |
| 942 ## - АРТИКУЛИ | |
| Вид на библиотечния материал | Книги |
| Скрит в OPAC | Не |
| Koha issues (borrowed), all copies | 9 |
| 944 ## - СЪЗДАВАНЕ И РЕДАКЦИЯ на ЗАПИСА | |
| Създаване/Редакция | Създаване |
| Дата на регистрацията/редакция | 15.01.2003 |
| Служител, извършил регистрацията/редакцията | 30531 |
| Статус, дата на статуса | Цветелина Шанова |
| 944 ## - СЪЗДАВАНЕ И РЕДАКЦИЯ на ЗАПИСА | |
| Създаване/Редакция | Редакция |
| Дата на регистрацията/редакция | 12.01.2013 |
| Служител, извършил регистрацията/редакцията | |
| 999 ## - СИСТЕМНИ КОНТРОЛНИ НОМЕРА | |
| Koha biblionumber | 33163 |
| Koha biblioitemnumber | 33163 |
| Код за отписване | Код за изгубен артикул | Източник на класификационната схема | Код за повреда | Коз за рестрикции | Код за отдаване | Артикулен № | Име на библиотеката - собственик | Име на библиотеката, в която се намира в момента | Статус (Текущо местоположение) | Дата на вписване в системата | Местоположение - отдел | Цена в лева | Инвентарен номер | Систематично азбучна сигнатура | Баркод | Номер на екземпляра | Цена в евро | Служебна бележка | Служебен тип на артикула |
|---|---|---|---|---|---|---|---|---|---|---|---|---|---|---|---|---|---|---|---|
| Изтеглен | Не е изгубен | Universal Decimal Classification | Не е повреден | без рестрикции | заемане за дома | 53004 | Регионална библиотека "Любен Каравелов" Русе | Регионална библиотека "Любен Каравелов" Русе | Заемна - подръчен фонд | 2001-01-01 | Заемна - подръчен фонд | 6.00 | 664055 | П 808.67/С 68 | 664055 | 1 | 3.07 | Дост: Pk Вид: Ф N: стар фонд Дата: 01.01.2001 | Книги |
| Не е изгубен | Universal Decimal Classification | Не е повреден | без рестрикции | ползва се в читалня | 53005 | Регионална библиотека "Любен Каравелов" Русе | Регионална библиотека "Любен Каравелов" Русе | Читалня | 2001-01-01 | Читалня | 6.00 | 664056 | Ч 811.163.2/С 68 | 120000664056 | 2 | 3.07 | Дост: Pk Вид: Ф N: стар фонд Дата: 01.01.2001 Дата инв: 27.03.2017 Бележки инв: Ч2017 | Книги | |
| Не е изгубен | Universal Decimal Classification | Не е повреден | без рестрикции | ползва се в читалня | 53006 | Регионална библиотека "Любен Каравелов" Русе | Регионална библиотека "Любен Каравелов" Русе | Хранилище | 2001-01-01 | Хранилище | 12.00 | 665789 | Цб 208377 | 120000665789 | 3 | 6.14 | Дост: Dp Вид: Д N: 24 Дата: 01.01.2001 | Книги | |
| Не е изгубен | Universal Decimal Classification | Не е повреден | без рестрикции | заемане за дома | 53007 | Регионална библиотека "Любен Каравелов" Русе | Регионална библиотека "Любен Каравелов" Русе | Заемна - подръчен фонд | 2004-09-15 | Заемна - подръчен фонд | 12.00 | 120000688430 | 811.163.2/С 68 Х | 120000688430 | 4 | 6.14 | Дост: Pk Вид: Ф N: 8883 Дата: 03.09.2004 | Книги | |
| Не е изгубен | Universal Decimal Classification | Не е повреден | без рестрикции | заемане за дома | 53008 | Регионална библиотека "Любен Каравелов" Русе | Регионална библиотека "Любен Каравелов" Русе | Заемна - подръчен фонд | 2004-09-15 | Заемна - подръчен фонд | 12.00 | 120000688431 | 811.163.2/С 68 Х с | 120000688431 | 5 | 6.14 | Дост: Pk Вид: Ф N: 8883 Дата: 03.09.2004 Дата инв: 08.02.2018 Бележки инв: П2018 | Книги |